000 00467nam a22001697a 4500
003 LK-CoMWRAF
005 20231026115741.0
008 231026b |||||||| |||| 00| 0 eng d
040 _aLK-CoMWRAF
_dLK-CoMWRAF
_eLK-CoMWRAF
041 _aeng
082 _a297
_bMUH
245 _aMuhammad pocket guide :
_bThe prophet of Islam Muhammad biography and practical guide
260 _aAustralia :
_bISRA
_c2012
300 _a160p
650 _aIslam--Muhammad
942 _cBK
999 _c4008
_d4008